000 00466nam a22001577a 4500
003 OSt
005 20160722100706.0
008 160722b xxu||||| |||| 00| 0 eng d
040 _cLIC
082 _21965
_aDFil 899.211
_bEq5
245 _aEquinox I :
_ban anthology of new writing from the Philippines.
260 _aManila :
_bSolidaridad Pub., House,
_cc1965.
300 _ax, 162 pages ;
_c23 cm.
650 0 _911705
_aPhilippine literature.
942 _2ddc
_cDFIL
999 _c3513
_d3513